[Event "Karl Mala Memorial op 13th"]
[Site "Frankfurt"]
[Date "2010.07.11"]
[Round "6"]
[White "Remy, Janina"]
[Black "De Visser, Leon"]
[Result "0-1"]
[WhiteElo "1990"]
[BlackElo "2130"]
[PlyCount "96"]
[EventDate "2010.07.08"]
[EventType "swiss"]
[EventRounds "7"]
[EventCountry "GER"]
[SourceTitle "EXT 2012"]
[Source "ChessBase"]
[SourceDate "2011.11.24"]
[SourceVersion "1"]
[SourceVersionDate "2011.11.24"]
[SourceQuality "1"]

1. e4 c6 2. d4 d5 3. exd5 cxd5 4. Bd3 Nc6 5. c3 Qc7 6. h3 Nf6 7. Nf3 g6 8. 0-0 Bf5 9. Bxf5 gxf5 10. Bg5 Ne4 11. Qc1 e6 12. Bf4 Bd6 13. Bxd6 Qxd6 14. Na3 0-0-0 15. Nb5 Qb8 16. c4 a6 17. cxd5 Rxd5 18. Nc3 Nxc3 19. Qxc3 Kd7 20. Rac1 Qd6 21. Ne5+ Nxe5 22. dxe5 Qxe5 23. Qxe5 Rxe5 24. Rfd1+ Rd5 25. Rxd5+ exd5 26. Rc3 Rc8 27. Rb3 b5 28. Rd3 Kd6 29. Rd2 Rc1+ 30. Kh2 f4 31. f3 a5 32. a3 Kc5 33. g3 fxg3+ 34. Kxg3 d4 35. Kf4 Kc4 36. Ke4 Re1+ 37. Kf5 d3 38. f4 Re2 39. Rd1 d2 40. Kf6 Kd3 41. f5 Re1 42. Rxd2+ Kxd2 43. Kxf7 Rh1 44. f6 Rxh3 45. Kg7 Rf3 46. f7 h5 47. f8Q Rxf8 48. Kxf8 h4 0-1

[Event "Karl Mala Memorial op 13th"]
[Site "Frankfurt"]
[Date "2010.07.09"]
[Round "2"]
[White "Remy, Janina"]
[Black "Eremenko, Christian"]
[Result "1-0"]
[WhiteElo "1990"]
[BlackElo "1602"]
[PlyCount "55"]
[EventDate "2010.07.08"]
[EventType "swiss"]
[EventRounds "7"]
[EventCountry "GER"]
[SourceTitle "EXT 2012"]
[Source "ChessBase"]
[SourceDate "2011.11.24"]
[SourceVersion "1"]
[SourceVersionDate "2011.11.24"]
[SourceQuality "1"]

1. e4 e5 2. Nf3 Nc6 3. d4 exd4 4. Nxd4 Nxd4 5. Qxd4 d6 6. Nc3 Nf6 7. Bg5 Be7 8. 0-0-0 Nd7 9. Bxe7 Qxe7 10. Qxg7 Qf8 11. Qd4 Ne5 12. Nd5 Kd8 13. f4 Nd7 14. Bc4 f5 15. exf5 c6 16. Ne3 d5 17. Bb3 Kc7 18. g4 b6 19. Qc3 Nc5 20. Nxd5+ cxd5 21. Bxd5 Bb7 22. b4 Bxd5 23. Rxd5 Qg8 24. Qe5+ Kb7 25. bxc5 bxc5 26. Rxc5 Qxa2 27. Qc7+ Ka6 28. Qc6# 1-0

[Event "GER-ch U25"]
[Site "Oberhof"]
[Date "2010.05.29"]
[Round "9"]
[White "Remy, Janina"]
[Black "Ehlers, Michael2222"]
[Result "1-0"]
[WhiteElo "1989"]
[BlackElo "1958"]
[PlyCount "101"]
[EventDate "2010.05.22"]
[EventType "swiss"]
[EventRounds "9"]
[EventCountry "GER"]
[SourceTitle "CBM 136 Extra"]
[Source "ChessBase"]
[SourceDate "2010.07.02"]
[SourceVersion "2"]
[SourceVersionDate "2010.07.15"]
[SourceQuality "1"]

1. e4 c5 2. Nf3 Nc6 3. Bb5 Nd4 4. Nxd4 cxd4 5. 0-0 e6 6. d3 a6 7. Ba4 b5 8. Bb3 d6 9. f4 Qc7 10. Nd2 Ne7 11. Nf3 Nc6 12. f5 h6 13. Nh4 e5 14. Qh5 Na5 15. Bd2 Nxb3 16. cxb3 Be7 17. Rac1 Qd8 18. Nf3 Bf6 19. g4 Ke7 20. Rc2 Bb7 21. Rfc1 Rc8 22. Rxc8 Bxc8 23. Qh3 Bb7 24. Qg3 g6 25. fxg6 fxg6 26. g5 hxg5 27. Bxg5 Rh5 28. Rf1 Bxg5 29. Nxg5 Kd7 30. Nf7 Qh4 31. Qxh4 Rxh4 32. Rf2 Rh3 33. Rd2 Ke7 34. Ng5 Re3 35. b4 d5 36. exd5 Bxd5 37. a3 Ba8 38. Kf2 Kf6 39. Nh7+ Kf5 40. Kf1 Kg4 41. Nf6+ Kh3 42. Nd7 Bg2+ 43. Rxg2 Rxd3 44. Rxg6 Re3 45. Rg3+ Rxg3 46. hxg3 Kxg3 47. Nxe5 Kf4 48. Nd7 Ke3 49. Ke1 Kd3 50. Kd1 Kc4 51. Ne5+ 1-0

[Event "GER-ch U25"]
[Site "Oberhof"]
[Date "2010.05.28"]
[Round "8"]
[White "Simon, Christopher"]
[Black "Remy, Janina"]
[Result "1/2-1/2"]
[WhiteElo "1922"]
[BlackElo "1989"]
[PlyCount "124"]
[EventDate "2010.05.22"]
[EventType "swiss"]
[EventRounds "9"]
[EventCountry "GER"]
[SourceTitle "CBM 136 Extra"]
[Source "ChessBase"]
[SourceDate "2010.07.02"]
[SourceVersion "2"]
[SourceVersionDate "2010.07.15"]
[SourceQuality "1"]

1. Nf3 d5 2. g3 Nf6 3. Bg2 c6 4. d3 Bf5 5. Nbd2 h6 6. 0-0 Nbd7 7. Re1 e6 8. e4 dxe4 9. Nxe4 Be7 10. Bf4 Nc5 11. Nxf6+ Bxf6 12. d4 Na4 13. b3 Nc3 14. Qd2 Nd5 15. Be5 0-0 16. c4 Nc7 17. Rad1 Rc8 18. Qb4 b5 19. Bd6 a5 20. Bxc7 axb4 21. Bxd8 Rfxd8 22. Ne5 bxc4 23. Nxc6 Rd6 24. Nxb4 cxb3 25. axb3 Rb6 26. Nd3 Bxd4 27. Nf4 Bf6 28. Rc1 Rxc1 29. Rxc1 Rxb3 30. h3 Bg5 31. Rc8+ Kh7 32. Ne2 Rb1+ 33. Kh2 Rb2 34. Nd4 Rxf2 35. Nxf5 exf5 36. Rc6 f4 37. gxf4 Bxf4+ 38. Kg1 Re2 39. Bf3 Be3+ 40. Kh1 Re1+ 41. Kg2 Rg1+ 42. Kh2 Rc1 43. Be4+ g6 44. Ra6 Rc7 45. Kg2 Kg7 46. Kf3 Bg5 47. Rb6 f5 48. Bd3 Re7 49. Bc4 Re3+ 50. Kg2 f4 51. Bd5 Rg3+ 52. Kh2 Bh4 53. Rc6 f3 54. Rc7+ Kf6 55. Rf7+ Ke5 56. Bxf3 g5 57. Bg4 Ra3 58. Rf5+ Ke4 59. Rf6 Bg3+ 60. Kg2 Bf4 61. Rxh6 Ra2+ 62. Kf1 Ra1+ 1/2-1/2

[Event "BL2 Sued 0910 (Women)"]
[Site "Germany"]
[Date "2009.12.05"]
[Round "3.4"]
[White "Remy, Janina"]
[Black "Bader, Katharina"]
[Result "1/2-1/2"]
[WhiteElo "1989"]
[BlackElo "2128"]
[PlyCount "84"]
[EventDate "2009.11.07"]
[EventType "team-tourn"]
[EventRounds "7"]
[EventCountry "GER"]
[SourceTitle "CBM 133 Extra"]
[Source "ChessBase"]
[SourceDate "2010.01.05"]
[SourceVersion "1"]
[SourceVersionDate "2010.01.05"]
[SourceQuality "1"]
[WhiteTeam "Schott Mainz (W)"]
[BlackTeam "Deizisau (W)"]
[WhiteTeamCountry "GER"]
[BlackTeamCountry "GER"]

1. e4 c5 2. Nc3 Nc6 3. Bb5 e6 4. Bxc6 bxc6 5. d3 g6 6. e5 Bg7 7. Nf3 f6 8. exf6 Nxf6 9. 0-0 Qc7 10. Be3 d6 11. Qd2 0-0 12. Rad1 Rb8 13. b3 e5 14. Ne4 Bg4 15. h3 Bxf3 16. gxf3 Nh5 17. Qe2 Nf4 18. Bxf4 Rxf4 19. Kg2 Rbf8 20. Nd2 Qd7 21. Rh1 R8f5 22. Rdg1 Rh5 23. Rh2 Rfh4 24. Rgh1 d5 25. Nf1 Rg5+ 26. Ng3 Qd6 27. Rg1 Qe6 28. Qe3 Qe7 29. Re1 Bf6 30. Kh1 Qd6 31. Qd2 Bd8 32. Kg2 Qf8 33. Re2 h6 34. Qe1 Bc7 35. Qc3 Qd6 36. Qe1 Kh7 37. Rh1 Qd7 38. Qc3 Qd6 39. Qe1 Qf6 40. Re3 Bb6 41. c4 Bc7 42. Qc1 Bb6 1/2-1/2

[Event "GER-chT DLM U20"]
[Site "Wismar"]
[Date "2009.10.01"]
[Round "4"]
[White "Kyas, Philipp"]
[Black "Remy, Janina"]
[Result "1/2-1/2"]
[WhiteElo "1953"]
[BlackElo "2004"]
[PlyCount "83"]
[EventDate "2009.09.30"]
[EventType "team-swiss"]
[EventRounds "7"]
[EventCountry "GER"]
[SourceTitle "CBM 132 Extra"]
[Source "ChessBase"]
[SourceDate "2009.11.03"]
[SourceVersion "1"]
[SourceVersionDate "2009.11.03"]
[SourceQuality "1"]
[WhiteTeam "Niedersachsen U20"]
[BlackTeam "Rheinland Pfalz U20"]
[WhiteTeamCountry "GER"]
[BlackTeamCountry "GER"]

1. d4 d5 2. Nf3 Nf6 3. Bf4 c6 4. e3 Bf5 5. c3 e6 6. Qb3 Qb6 7. h3 Nbd7 8. Nh4 Bg6 9. Nxg6 hxg6 10. Nd2 c5 11. Qxb6 axb6 12. Bb5 Be7 13. 0-0 0-0 14. g4 Nb8 15. Nf3 Nc6 16. Ne5 Nxe5 17. Bxe5 Ne8 18. f3 Nd6 19. a4 Ra7 20. Bxd6 Bxd6 21. f4 Raa8 22. Kg2 Rfd8 23. h4 Kf8 24. f5 gxf5 25. gxf5 Ke7 26. Rae1 Rh8 27. e4 Rxh4 28. fxe6 f6 29. e5 Bc7 30. Rh1 Rah8 31. exf6+ gxf6 32. Bd7 Rxh1 33. Rxh1 Rxh1 34. Kxh1 cxd4 35. cxd4 Bf4 36. Kg2 Be3 37. Kf3 Bxd4 38. b3 Be5 39. Kg4 d4 40. Kf5 d3 41. Bb5 d2 42. Be2 1/2-1/2

[Event "GER-ch U18 Girls"]
[Site "Willingen"]
[Date "2009.05.30"]
[Round "1"]
[White "Mueller, Anna Louise"]
[Black "Remy, Janina"]
[Result "0-1"]
[WhiteElo "1581"]
[BlackElo "1991"]
[PlyCount "128"]
[EventDate "2009.05.30"]
[EventType "swiss"]
[EventRounds "9"]
[EventCountry "GER"]
[SourceTitle "CBM 130 Extra"]
[Source "ChessBase"]
[SourceDate "2009.07.02"]
[SourceVersion "2"]
[SourceVersionDate "2009.07.15"]
[SourceQuality "1"]

1. e4 g6 2. d4 Bg7 3. Nf3 c6 4. Bc4 d5 5. exd5 cxd5 6. Bd3 Bg4 7. c3 Nc6 8. 0-0 Nf6 9. Nbd2 0-0 10. Re1 a6 11. Nb3 b5 12. Nc5 Nd7 13. Nxd7 Qxd7 14. Bf4 b4 15. Qe2 Bxf3 16. Qxf3 e6 17. Qe3 Rfc8 18. h4 bxc3 19. bxc3 Na5 20. Rac1 Nc4 21. Qg3 h6 22. Bxg6 fxg6 23. Qxg6 Qf7 24. Qxe6 Qxe6 25. Rxe6 Kf7 26. Ree1 Re8 27. Kh2 Rxe1 28. Rxe1 Rc8 29. g4 Re8 30. Rxe8 Kxe8 31. Bc1 Nd6 32. f3 Kf7 33. Kg3 Kg6 34. Kf4 Bf6 35. h5+ Kf7 36. Ba3 Nc4 37. Bb4 Bg5+ 38. Kg3 Bd2 39. f4 a5 40. Bc5 Bxc3 41. g5 hxg5 42. fxg5 Ke6 43. h6 Kf7 44. h7 Kg7 45. g6 Ne3 46. Kf4 Ng2+ 47. Ke5 Nh4 48. Bf8+ Kh8 49. g7+ Kxh7 50. Kxd5 Nf5 51. Bc5 Kxg7 52. Kc4 Be1 53. d5 Kf7 54. Kb5 Ke8 55. a4 Kd7 56. Ka6 Nd6 57. Bd4 Bb4 58. Bb6 Nc4 59. Kb5 Nxb6 60. Kxb6 Kd6 61. Kb5 Kxd5 62. Kb6 Kc4 63. Kc6 Kb3 64. Kb5 Ka3 0-1

[Event "Goch op 19th"]
[Site "Goch"]
[Date "2008.10.11"]
[Round "4"]
[White "Remy, Janina"]
[Black "Gross, Karl"]
[Result "1/2-1/2"]
[WhiteElo "1983"]
[BlackElo "2119"]
[PlyCount "36"]
[EventDate "2008.10.09"]
[EventType "swiss"]
[EventRounds "7"]
[EventCountry "GER"]
[SourceTitle "EXT 2011"]
[Source "ChessBase"]
[SourceDate "2010.11.26"]
[SourceVersion "1"]
[SourceVersionDate "2010.11.26"]
[SourceQuality "1"]

1. e4 e6 2. d4 b6 3. Nf3 Bb7 4. Bd3 d6 5. 0-0 g6 6. c3 Bg7 7. Ng5 h6 8. Nh3 Nf6 9. Nd2 Nbd7 10. f4 d5 11. e5 Ne4 12. Nf2 Nxd2 13. Bxd2 Qe7 14. Qe2 Nf8 15. a4 c5 16. Bb5+ Nd7 17. dxc5 bxc5 18. Ng4 h5 1/2-1/2

[Event "GER-ch U18 Girls"]
[Site "Willingen"]
[Date "2008.05.17"]
[Round "9"]
[White "Benzen, Marthe"]
[Black "Remy, Janina"]
[Result "0-1"]
[WhiteElo "1829"]
[BlackElo "1963"]
[PlyCount "76"]
[EventDate "2008.05.11"]
[EventType "swiss"]
[EventRounds "9"]
[EventCountry "GER"]
[SourceTitle "CBM 124 Extra"]
[Source "ChessBase"]
[SourceDate "2008.07.03"]
[SourceVersion "1"]
[SourceVersionDate "2008.07.03"]
[SourceQuality "1"]

1. e4 c6 2. d4 d5 3. e5 c5 4. dxc5 e6 5. Be3 Nc6 6. Bb5 Nh6 7. c3 Nf5 8. Bd4 Bd7 9. Bxc6 Bxc6 10. Nf3 Qc7 11. b4 a5 12. 0-0 Be7 13. Re1 0-0 14. Nbd2 axb4 15. cxb4 Nxd4 16. Nxd4 Ra4 17. Nxc6 Qxc6 18. a3 Rfa8 19. Qc1 Bg5 20. g3 Bxd2 21. Qxd2 Rxa3 22. Qb2 Qa4 23. Rxa3 Qxa3 24. Qxa3 Rxa3 25. Rb1 Kf8 26. Rb2 Ke7 27. Kf1 Kd7 28. Ke2 Rc3 29. f3 Rc4 30. Kd3 Kc6 31. g4 Kb5 32. h4 Rxb4 33. Rxb4+ Kxb4 34. Kd4 Kb5 35. f4 g6 36. f5 gxf5 37. gxf5 h6 38. f6 Kc6 0-1

[Event "EU-ch U16 Girls 17th"]
[Site "Sibenik"]
[Date "2007.09.23"]
[Round "9"]
[White "Remy, Janina"]
[Black "Tsirulnik, Maritsa"]
[Result "1-0"]
[WhiteElo "1927"]
[BlackElo "2095"]
[PlyCount "101"]
[EventDate "2007.09.14"]
[EventType "swiss"]
[EventRounds "9"]
[EventCountry "CRO"]
[SourceTitle "CBM 120 Extra"]
[Source "ChessBase"]
[SourceDate "2007.11.01"]
[SourceVersion "1"]
[SourceVersionDate "2007.11.01"]
[SourceQuality "1"]

1. e4 d6 2. Nc3 Nf6 3. d4 c6 4. Nf3 g6 5. Be2 Bg7 6. 0-0 0-0 7. h3 Qc7 8. Be3 Nbd7 9. Qd2 b5 10. a3 Bb7 11. Bh6 e5 12. Bxg7 Kxg7 13. Rad1 Rfe8 14. dxe5 dxe5 15. Qe3 Qb6 16. Qg5 h6 17. Qg3 Nh5 18. Qh2 Re7 19. Rd6 Nf4 20. Rfd1 Nf6 21. Bf1 Qc5 22. R6d2 a5 23. Re1 Rae8 24. Nh4 b4 25. axb4 Qxb4 26. Qg3 N4h5 27. Qe3 Qxb2 28. Rb1 Qa3 29. Rb3 Nd5 30. Nxd5 Qa1 31. Nc3 a4 32. Rd1 Qxd1 33. Nxd1 axb3 34. Qxb3 Nf6 35. Bd3 Ra8 36. Ne3 Bc8 37. Qc3 Re6 38. Nf3 Nd7 39. Kh2 f6 40. Bc4 Re8 41. Qb4 c5 42. Qc3 Bb7 43. Bd5 Bxd5 44. Nxd5 Rac8 45. Qa5 Rf8 46. Nd2 Rf7 47. Nc4 Rb8 48. Nd6 Rff8 49. Qc7 Rfd8 50. Nb7 Rbc8 51. Qd6 1-0

[Event "GER-ch U16 Girls"]
[Site "Willingen"]
[Date "2007.06.01"]
[Round "9"]
[White "Remy, Janina"]
[Black "Mertens, Pauline"]
[Result "1-0"]
[WhiteElo "1936"]
[BlackElo "1927"]
[PlyCount "155"]
[EventDate "2007.05.26"]
[EventType "swiss"]
[EventRounds "9"]
[EventCountry "GER"]
[SourceTitle "CBM 118 Extra"]
[Source "ChessBase"]
[SourceDate "2007.07.04"]
[SourceVersion "1"]
[SourceVersionDate "2007.07.04"]
[SourceQuality "1"]

1. e4 c5 2. Nc3 e6 3. g3 Nc6 4. Nge2 g6 5. d4 cxd4 6. Nxd4 Bg7 7. Ndb5 Nge7 8. Nd6+ Kf8 9. Be3 Kg8 10. Bg2 b6 11. 0-0 Ba6 12. Re1 Nc8 13. f4 Nxd6 14. Qxd6 Bf8 15. Qd2 d6 16. f5 Ne5 17. Bd4 Bg7 18. Ne2 Qd7 19. Rad1 Qc7 20. Nf4 Re8 21. b3 Bb7 22. Rf1 Bc8 23. fxe6 fxe6 24. Ba1 Rd8 25. Bh3 Qe7 26. Qb4 Nc6 27. Qc4 Bxa1 28. Rxa1 Ne5 29. Bxe6+ Kg7 30. Qd5 Bb7 31. Qd4 Rhf8 32. Bd5 Bc8 33. Nd3 Bh3 34. Rxf8 Rxf8 35. Nf4 Bg4 36. h3 Bc8 37. Kg2 h6 38. Nd3 Ba6 39. Nxe5 dxe5 40. Qe3 Qc7 41. c4 Bc8 42. Rc1 Qe7 43. c5 bxc5 44. Qxc5 Qf6 45. Qxa7+ Kh8 46. Qe3 g5 47. Bc4 Qd6 48. Qd3 Qb6 49. Rf1 Rd8 50. Qc3 Qd6 51. Bd5 Ba6 52. Rf5 Rc8 53. Qxe5+ Qxe5 54. Rxe5 Rc2+ 55. Kf3 Be2+ 56. Ke3 Rxa2 57. Rf5 Bh5 58. Rf2 Ra1 59. e5 Re1+ 60. Kd4 Kg7 61. e6 Be8 62. Kc5 Ra1 63. Kb6 Rc1 64. Bc4 Rc3 65. Rg2 Rc1 66. h4 Rd1 67. hxg5 hxg5 68. Rf2 Rg1 69. Rf3 g4 70. Re3 Kf6 71. Bb5 Bxb5 72. Kxb5 Ke7 73. Kc5 Rd1 74. b4 Rc1+ 75. Kd5 Rd1+ 76. Ke5 Rd6 77. Kf4 Rd4+ 78. Re4 1-0

[Event "GER-ch U16 Girls"]
[Site "Willingen"]
[Date "2007.05.29"]
[Round "5"]
[White "Frey, Alisa"]
[Black "Remy, Janina"]
[Result "1/2-1/2"]
[WhiteElo "1891"]
[BlackElo "1936"]
[PlyCount "71"]
[EventDate "2007.05.26"]
[EventType "swiss"]
[EventRounds "9"]
[EventCountry "GER"]
[SourceTitle "CBM 118 Extra"]
[Source "ChessBase"]
[SourceDate "2007.07.04"]
[SourceVersion "1"]
[SourceVersionDate "2007.07.04"]
[SourceQuality "1"]

1. e4 g6 2. d4 Bg7 3. Nc3 c6 4. Be3 d5 5. exd5 cxd5 6. Qd2 Nc6 7. 0-0-0 Bf5 8. Be2 h5 9. Bf3 Nf6 10. a3 Bg4 11. h3 Bxf3 12. Nxf3 Qb6 13. Ne5 e6 14. g4 Nd7 15. Nxd7 Kxd7 16. Na4 Qd8 17. Nc5+ Kc8 18. Qd3 Qc7 19. f4 Na5 20. f5 gxf5 21. gxf5 b6 22. Na6 Qd7 23. Rhf1 Kb7 24. Nb4 Nc4 25. fxe6 fxe6 26. Bg5 Raf8 27. c3 a5 28. Na2 Qb5 29. Rd2 Qb3 30. Rxf8 Rxf8 31. Kb1 Nxd2+ 32. Bxd2 Qd1+ 33. Nc1 Rf2 34. Qb5 Rxd2 35. Qd7+ Ka6 36. Qc8+ 1/2-1/2

[Event "GER-ch U16 Girls"]
[Site "Willingen"]
[Date "2007.05.28"]
[Round "3"]
[White "Jussupow, Ekaterina"]
[Black "Remy, Janina"]
[Result "0-1"]
[WhiteElo "2003"]
[BlackElo "1936"]
[PlyCount "118"]
[EventDate "2007.05.26"]
[EventType "swiss"]
[EventRounds "9"]
[EventCountry "GER"]
[SourceTitle "CBM 118 Extra"]
[Source "ChessBase"]
[SourceDate "2007.07.04"]
[SourceVersion "1"]
[SourceVersionDate "2007.07.04"]
[SourceQuality "1"]

1. d4 d5 2. c4 c6 3. e3 Nf6 4. Nf3 Bf5 5. Bd3 Bxd3 6. Qxd3 e6 7. 0-0 Nbd7 8. Ne5 Nxe5 9. dxe5 Ne4 10. f3 Nc5 11. Qc2 Qb6 12. Kh1 dxc4 13. Qxc4 Rd8 14. f4 Nd3 15. Qc2 Bc5 16. Nc3 Bxe3 17. Bxe3 Qxe3 18. Rad1 Nb4 19. Rxd8+ Kxd8 20. Qb3 Nd3 21. Nd1 Qe2 22. Kg1 Kc8 23. Qa4 a6 24. Qc4 Rd8 25. h3 Qd2 26. Nc3 Qe3+ 27. Kh2 Rd4 28. Nd1 Qe4 29. Qb3 Nxf4 30. Qg3 Qxe5 31. Ne3 Nd3 32. Rxf7 Qxg3+ 33. Kxg3 Rd7 34. Rf8+ Kc7 35. Re8 e5 36. Nc4 b5 37. Nxe5 Nxe5 38. Rxe5 Kd6 39. Re8 a5 40. Rh8 h6 41. Kf3 Kc5 42. Ke3 a4 43. g4 Kc4 44. Rg8 c5 45. h4 Kb4 46. g5 hxg5 47. hxg5 c4 48. Ra8 c3 49. bxc3+ Kxc3 50. Rh8 b4 51. Ra8 b3 52. axb3 Re7+ 53. Kf4 axb3 54. Rc8+ Kd2 55. Rb8 Kc2 56. Rc8+ Kb1 57. Rb8 b2 58. Kf5 Ra7 59. Kg6 Ka2 0-1

[Event "Saarbruecken-chT U20"]
[Site "Saarbruecken"]
[Date "2006.11.22"]
[Round "4.6"]
[White "Pfeiffer, Daniel"]
[Black "Remy, Janina"]
[Result "0-1"]
[WhiteElo "1645"]
[BlackElo "1861"]
[PlyCount "108"]
[EventDate "2006.11.??"]
[EventType "team"]
[EventRounds "7"]
[EventCountry "GER"]
[SourceTitle "EXT 2008"]
[Source "ChessBase"]
[SourceDate "2007.11.25"]
[SourceVersion "1"]
[SourceVersionDate "2007.11.25"]
[SourceQuality "1"]

1. e4 g6 2. d4 Bg7 3. Nc3 d6 4. Be3 Nd7 5. f3 e5 6. Nge2 Ne7 7. Qd2 h6 8. g4 exd4 9. Nxd4 Nc6 10. Nxc6 bxc6 11. h4 Ne5 12. Be2 Ba6 13. f4 Nc4 14. Bxc4 Bxc4 15. Bd4 f6 16. g5 c5 17. gxf6 Bxf6 18. Bxf6 Qxf6 19. 0-0-0 0-0 20. f5 gxf5 21. Nd5 Bxd5 22. Qxd5+ Kh7 23. Rdf1 f4 24. Qc6 Qf7 25. Qd5 Rae8 26. Rhg1 Qxd5 27. exd5 Rf5 28. c4 Re2 29. Rg4 f3 30. Rgg1 f2 31. Rh1 Rfe5 32. Kd1 Rxb2 33. a3 Ra2 34. h5 Kg7 35. a4 Rxa4 36. Kd2 Ra2+ 37. Kd3 Rae2 38. Rh3 Ra2 39. Rg3+ Rg5 40. Rf3 Ra3+ 41. Ke4 Rxf3 42. Kxf3 Rxh5 43. Kg4 Rg5+ 44. Kf4 Kf6 45. Rxf2 Rf5+ 46. Ke3 Rxf2 47. Kxf2 a5 48. Ke3 h5 49. Ke4 a4 50. Kd3 h4 51. Ke2 h3 52. Kf3 a3 53. Kg3 a2 54. Kxh3 a1Q 0-1

[Event "Saarbruecken-chT U20"]
[Site "Saarbruecken"]
[Date "2006.11.21"]
[Round "1.6"]
[White "Remy, Janina"]
[Black "Sonnhalter, Stella"]
[Result "1-0"]
[WhiteElo "1861"]
[BlackElo "1372"]
[PlyCount "69"]
[EventDate "2006.11.??"]
[EventType "team"]
[EventRounds "7"]
[EventCountry "GER"]
[SourceTitle "EXT 2008"]
[Source "ChessBase"]
[SourceDate "2007.11.25"]
[SourceVersion "1"]
[SourceVersionDate "2007.11.25"]
[SourceQuality "1"]

1. e4 c5 2. Nc3 Nc6 3. f4 g6 4. Nf3 Bg7 5. Bb5 e6 6. Bxc6 bxc6 7. e5 Ne7 8. Ne4 Nf5 9. g4 d5 10. exd6 Nxd6 11. Nxc5 Qb6 12. d4 0-0 13. 0-0 Ba6 14. Nxa6 Qxa6 15. Ne5 Rfd8 16. Qf3 Rac8 17. c3 f6 18. Nd3 Qc4 19. Nc5 Qd5 20. Qe3 e5 21. dxe5 fxe5 22. f5 Nc4 23. Qf2 Rf8 24. Ne6 Rf6 25. b3 Nd6 26. Nxg7 Kxg7 27. Ba3 gxf5 28. Rad1 Ne4 29. Rxd5 Nxf2 30. Rd7+ Kg6 31. gxf5+ Rxf5 32. Rxf2 Re8 33. Rd6+ Kg5 34. Bc1+ Kg4 35. h3+ 1-0

[Event "Goch op 17th"]
[Site "Goch"]
[Date "2006.10.15"]
[Round "6"]
[White "Gijsbers, Egon"]
[Black "Remy, Janina"]
[Result "0-1"]
[WhiteElo "1485"]
[BlackElo "1859"]
[PlyCount "44"]
[EventDate "2006.10.12"]
[EventType "swiss"]
[EventRounds "7"]
[EventCountry "GER"]
[SourceTitle "EXT 2008"]
[Source "ChessBase"]
[SourceDate "2007.11.25"]
[SourceVersion "1"]
[SourceVersionDate "2007.11.25"]
[SourceQuality "1"]

1. d4 g6 2. c4 Bg7 3. Nc3 Nc6 4. Nf3 d6 5. e4 Bg4 6. Be3 Bxf3 7. gxf3 e5 8. dxe5 Nxe5 9. c5 Qf6 10. f4 Nc6 11. cxd6 cxd6 12. Nb5 Qxb2 13. Nxd6+ Ke7 14. e5 Nxe5 15. fxe5 Bxe5 16. Nf5+ gxf5 17. Rc1 Bc3+ 18. Rxc3 Qxc3+ 19. Bd2 Qe5+ 20. Be2 a5 21. Qb3 Qe4 22. f3 Qc6 0-1

[Event "Karl Mala Memorial op 10th"]
[Site "Griesheim"]
[Date "2006.07.22"]
[Round "5"]
[White "Remy, Janina"]
[Black "Blanke, Manon"]
[Result "1-0"]
[WhiteElo "1864"]
[BlackElo "1506"]
[PlyCount "119"]
[EventDate "2006.07.20"]
[EventType "swiss"]
[EventRounds "7"]
[EventCountry "GER"]
[SourceTitle "CBM 113 Extra"]
[Source "ChessBase"]
[SourceDate "2006.09.14"]
[SourceVersion "1"]
[SourceVersionDate "2006.09.14"]
[SourceQuality "1"]

1. c4 c5 2. Nc3 Nc6 3. g3 g6 4. Bg2 Bg7 5. Nf3 e6 6. d4 cxd4 7. Nb5 d6 8. Nfxd4 Nxd4 9. Nxd4 Ne7 10. e4 a6 11. Nc2 0-0 12. 0-0 Qc7 13. Qe2 Rd8 14. Rd1 Nc6 15. Rb1 Rb8 16. b3 b5 17. Bb2 Na5 18. Bxg7 Kxg7 19. cxb5 Rxb5 20. Rbc1 Qa7 21. Qd2 Nb7 22. Nd4 Rc5 23. Nc6 Rxc6 24. Rxc6 Bd7 25. Rc2 Bb5 26. Qc3+ Kg8 27. Rcd2 Qb8 28. Qe3 Qc7 29. Bf1 Bxf1 30. Kxf1 Qc6 31. f4 f5 32. exf5 Qh1+ 33. Ke2 Qg2+ 34. Kd3 Qd5+ 35. Kc2 Qxf5+ 36. Qd3 Rc8+ 37. Kb2 Qa5 38. Rc2 Rxc2+ 39. Qxc2 Kf7 40. Qc6 Qb5 41. Qxb5 axb5 42. Kc3 d5 43. Kb4 Nd6 44. Rc1 Kf6 45. Kc5 Ke7 46. Kc6 g5 47. Rf1 h6 48. Rc1 d4 49. Rd1 Nf5 50. a3 gxf4 51. gxf4 Kf6 52. Kxb5 e5 53. fxe5+ Kxe5 54. a4 Nd6+ 55. Kc5 Ne4+ 56. Kc4 Nd6+ 57. Kd3 Kd5 58. Rc1 Nf7 59. b4 Ne5+ 60. Ke2 1-0